[Event "American Continental 15th"]
[Site "Sao Paulo"]
[Date "2019.07.12"]
[Round "10"]
[White "Uribe Arteaga, Daniel"]
[Black "Medrano, Mario"]
[Result "1-0"]
[WhiteElo "2304"]
[BlackElo "1960"]
[PlyCount "57"]
[EventDate "2019.07.05"]
[EventType "swiss"]
[EventRounds "11"]
[EventCountry "BRA"]
[SourceTitle "CBM 191 Extra"]
[Source "ChessBase"]
[SourceDate "2019.09.30"]
[SourceVersion "1"]
[SourceVersionDate "2019.09.30"]
[SourceQuality "1"]

1. Nf3 e6 2. b3 d5 3. c4 Nf6 4. Bb2 Be7 5. e3 Nbd7 6. Nc3 b6 7. cxd5 exd5 8. Bb5 0-0 9. Bc6 Ba6 10. Bxa8 Nc5 11. Ne5 Nfd7 12. Na4 Bf6 13. Nxc5 Nxc5 14. Bb7 Nxb7 15. d3 Re8 16. f4 Bxe5 17. fxe5 Qh4+ 18. g3 Qh3 19. Qe2 Nc5 20. 0-0-0 Qf5 21. Kc2 Re6 22. e4 dxe4 23. dxe4 Qg5 24. Qe3 Qe7 25. Kb1 Bb7 26. Rd5 h6 27. Rf1 Nxe4 28. Qxe4 Rd6 29. Qb4 1-0

[Event "American Continental 15th"]
[Site "Sao Paulo"]
[Date "2019.07.11"]
[Round "9"]
[White "Torella, Rodolfo"]
[Black "Uribe Arteaga, Daniel"]
[Result "0-1"]
[WhiteElo "2047"]
[BlackElo "2304"]
[PlyCount "124"]
[EventDate "2019.07.05"]
[EventType "swiss"]
[EventRounds "11"]
[EventCountry "BRA"]
[SourceTitle "CBM 191 Extra"]
[Source "ChessBase"]
[SourceDate "2019.09.30"]
[SourceVersion "1"]
[SourceVersionDate "2019.09.30"]
[SourceQuality "1"]

1. e4 g6 2. d4 Bg7 3. c4 c5 4. d5 d6 5. Nf3 Nf6 6. Nc3 0-0 7. Bd3 e5 8. 0-0 Ne8 9. Ne1 Nd7 10. f4 exf4 11. Bxf4 Ne5 12. Nf3 Qe7 13. Nxe5 dxe5 14. Be3 f5 15. a3 f4 16. Bf2 b6 17. Kh1 Bd7 18. Rb1 a5 19. b3 g5 20. Be2 Nf6 21. Qd3 g4 22. b4 axb4 23. axb4 Ra3 24. Rfc1 cxb4 25. d6 Qe8 26. Rxb4 Qg6 27. Rxb6 Rxc3 28. Rxc3 Nxe4 29. Be1 g3 30. hxg3 fxg3 31. Bxg3 Nxc3 32. Qxc3 e4 33. Qe1 Qh6+ 34. Bh2 Qe3 35. Rb1 Rf2 36. Bf1 Qxe1 37. Rxe1 Bc3 38. Rb1 e3 39. Bg3 Ra2 40. Rb3 Bd4 41. Rb7 Bg4 42. d7 Bf6 43. Bd3 Rd2 44. Rb8+ Kg7 45. d8Q Bxd8 46. Rxd8 Bf5 47. Bxf5 Rxd8 48. Bg4 Kg6 49. Kg1 Rd4 50. Be2 Rd2 51. Kf1 Kg5 52. Be1 Ra2 53. Bf3 Rc2 54. Bd5 Kf4 55. Bb4 Ke5 56. Be7 Kd4 57. Be6 Rf2+ 58. Kg1 Rf4 59. Bb4 e2 60. c5 Rf1+ 61. Kh2 Rf4 62. Ba5 Kxc5 0-1

[Event "American Continental 15th"]
[Site "Sao Paulo"]
[Date "2019.07.09"]
[Round "6"]
[White "Uribe Arteaga, Daniel"]
[Black "Labussiere, Yago"]
[Result "1-0"]
[WhiteElo "2304"]
[BlackElo "2101"]
[PlyCount "49"]
[EventDate "2019.07.05"]
[EventType "swiss"]
[EventRounds "11"]
[EventCountry "BRA"]
[SourceTitle "CBM 191 Extra"]
[Source "ChessBase"]
[SourceDate "2019.09.30"]
[SourceVersion "1"]
[SourceVersionDate "2019.09.30"]
[SourceQuality "1"]

1. Nf3 Nf6 2. g3 d5 3. b3 g6 4. Bb2 Bg7 5. c4 c6 6. Bg2 0-0 7. 0-0 Re8 8. d3 Nbd7 9. cxd5 cxd5 10. Nbd2 e5 11. Qc2 e4 12. dxe4 dxe4 13. Ng5 e3 14. fxe3 Qe7 15. Nc4 Qc5 16. Nxf7 Rxe3 17. Kh1 Kxf7 18. Ba3 Qd4 19. Rad1 Qc3 20. Nxe3 Qxe3 21. Qc4+ Ke8 22. Rd6 Nb6 23. Qc7 Bd7 24. Rdxf6 Bxf6 25. Rxf6 1-0

[Event "American Continental 15th"]
[Site "Sao Paulo"]
[Date "2019.07.07"]
[Round "3"]
[White "Hambleton, Aman"]
[Black "Uribe Arteaga, Daniel"]
[Result "1-0"]
[WhiteElo "2487"]
[BlackElo "2304"]
[PlyCount "89"]
[EventDate "2019.07.05"]
[EventType "swiss"]
[EventRounds "11"]
[EventCountry "BRA"]
[SourceTitle "CBM 191 Extra"]
[Source "ChessBase"]
[SourceDate "2019.09.30"]
[SourceVersion "1"]
[SourceVersionDate "2019.09.30"]
[SourceQuality "1"]

1. c4 d6 2. Nc3 e5 3. g3 f5 4. Bg2 Nf6 5. d3 Be7 6. e4 fxe4 7. dxe4 0-0 8. Nge2 Be6 9. b3 Qd7 10. h3 Nc6 11. Be3 Bd8 12. Qd2 Ne7 13. Rd1 Ng6 14. Nd5 Nh5 15. c5 Rf7 16. cxd6 cxd6 17. Nec3 Bh4 18. Qe2 Nhf4 19. gxf4 exf4 20. Bd4 f3 21. Bxf3 Bxh3 22. Rxh3 Qxh3 23. Bg4 Qg2 24. Be6 Raf8 25. Kd2 Bg5+ 26. Kc2 Qh2 27. f4 Bxf4 28. Nxf4 Qxf4 29. Rf1 Qg5 30. Rxf7 Rxf7 31. Bxf7+ Kxf7 32. Qc4+ Kf8 33. Qc8+ Kf7 34. Qxb7+ Qe7 35. Qxa7 Qxa7 36. Bxa7 h5 37. Bf2 h4 38. a4 h3 39. Bg3 Ke6 40. Ne2 d5 41. exd5+ Kxd5 42. Nf4+ Nxf4 43. Bxf4 g5 44. Bb8 g4 45. Kd2 1-0

[Event "American Continental 15th"]
[Site "Sao Paulo"]
[Date "2019.07.07"]
[Round "4"]
[White "Uribe Arteaga, Daniel"]
[Black "Palacio, Igor Da Paz"]
[Result "0-1"]
[WhiteElo "2304"]
[BlackElo "2098"]
[PlyCount "94"]
[EventDate "2019.07.05"]
[EventType "swiss"]
[EventRounds "11"]
[EventCountry "BRA"]
[SourceTitle "CBM 191 Extra"]
[Source "ChessBase"]
[SourceDate "2019.09.30"]
[SourceVersion "1"]
[SourceVersionDate "2019.09.30"]
[SourceQuality "1"]

1. e4 d6 2. d4 Nf6 3. Bd3 e5 4. c3 Nc6 5. Nf3 g6 6. 0-0 Bg7 7. h3 0-0 8. Re1 a6 9. a4 Re8 10. Na3 h6 11. dxe5 dxe5 12. Nc4 Nh5 13. b4 Nf4 14. Bxf4 exf4 15. Qc2 Be6 16. e5 Qe7 17. b5 axb5 18. axb5 Rxa1 19. Rxa1 Nb8 20. Qd2 Rd8 21. Qe2 Nd7 22. Ra7 Qc5 23. Ra4 Qxb5 24. Rb4 Qa6 25. Ncd2 Qa1+ 26. Rb1 Qxc3 27. Bc4 Bxc4 28. Nxc4 Nc5 29. Kh2 b6 30. Qa2 Re8 31. h4 Qd3 32. Kh1 Ne4 33. Re1 Nxf2+ 34. Kg1 Ng4 35. Qa4 Re6 36. Rd1 Qe4 37. Rd4 Qb1+ 38. Rd1 Qe4 39. Rd4 Qc6 40. Qa7 Qc5 41. Kh1 Bxe5 42. Qa8+ Kh7 43. Ncxe5 Rxe5 44. Qa1 Rd5 45. Qa2 Rxd4 46. Qxf7+ Kh8 47. Qe8+ Kg7 0-1

[Event "Cartagena Bolivar Cup"]
[Site "Cartagena"]
[Date "2019.04.26"]
[Round "8"]
[White "Uribe Arteaga, Daniel"]
[Black "Hoyos Garces, Rosana"]
[Result "1-0"]
[WhiteElo "2265"]
[BlackElo "1605"]
[PlyCount "48"]
[EventDate "2019.04.22"]
[EventType "swiss"]
[EventRounds "14"]
[EventCountry "COL"]
[SourceTitle "CBM 190 Extra"]
[Source "ChessBase"]
[SourceDate "2019.07.15"]
[SourceVersion "1"]
[SourceVersionDate "2019.07.15"]
[SourceQuality "1"]

1. e4 e5 2. Nf3 Nf6 3. Nc3 Nc6 4. g3 Bc5 5. Bg2 d6 6. 0-0 a6 7. d3 Be6 8. h3 Qd7 9. Ng5 Ne7 10. Kh2 h6 11. Nxe6 fxe6 12. f4 exf4 13. gxf4 d5 14. Qe1 0-0-0 15. b4 Bxb4 16. Rb1 Ba5 17. e5 Nh7 18. Bd2 Bb6 19. a4 Rdf8 20. a5 Ba7 21. Qc1 Nf5 22. Qb2 c6 23. Na4 Rf7 24. Bb4 Ne3 1-0

[Event "Cartagena Bolivar Cup"]
[Site "Cartagena"]
[Date "2019.04.25"]
[Round "7"]
[White "Franco Valencia, Angela Maria"]
[Black "Uribe Arteaga, Daniel"]
[Result "1/2-1/2"]
[WhiteElo "2141"]
[BlackElo "2265"]
[PlyCount "108"]
[EventDate "2019.04.22"]
[EventType "swiss"]
[EventRounds "14"]
[EventCountry "COL"]
[SourceTitle "CBM 190 Extra"]
[Source "ChessBase"]
[SourceDate "2019.07.15"]
[SourceVersion "1"]
[SourceVersionDate "2019.07.15"]
[SourceQuality "1"]

1. e4 d6 2. d4 Nf6 3. Nc3 e5 4. dxe5 dxe5 5. Qxd8+ Kxd8 6. Bg5 Be6 7. 0-0-0+ Nbd7 8. Nf3 Bd6 9. Be2 a6 10. h3 Ke8 11. Nh4 Bc5 12. Rhf1 c6 13. Nf5 Bxf5 14. exf5 Bd4 15. Nb1 Ne4 16. Bh4 g5 17. Bf3 gxh4 18. Bxe4 Rg8 19. Nd2 Bc5 20. Nf3 Be7 21. Rfe1 Bf6 22. Kb1 Rd8 23. Nh2 h5 24. f4 Nc5 25. Bf3 Rxd1+ 26. Bxd1 e4 27. Re2 Ke7 28. Nf1 Rd8 29. Rd2 Rh8 30. Re2 Rd8 31. Rd2 Rh8 32. a3 a5 33. Re2 b5 34. c3 Kd6 35. Kc2 a4 36. Ne3 Nd3 37. Nf1 Nc5 38. Nd2 Kd5 39. Nf1 Kd6 40. Kb1 Kd5 41. Rd2+ Nd3 42. Be2 c5 43. Bxd3 exd3 44. Rxd3+ Kc6 45. Kc2 Rg8 46. Rd2 Re8 47. Rf2 Kd5 48. g4 hxg3 49. Nxg3 h4 50. Nh5 Bd8 51. Rd2+ Kc6 52. f6 Rh8 53. Ng7 Bxf6 54. Nf5 Rd8 1/2-1/2

[Event "Cartagena Bolivar Cup"]
[Site "Cartagena"]
[Date "2019.04.24"]
[Round "5"]
[White "Martinez Romero, Martin"]
[Black "Uribe Arteaga, Daniel"]
[Result "1-0"]
[WhiteElo "2433"]
[BlackElo "2265"]
[PlyCount "55"]
[EventDate "2019.04.22"]
[EventType "swiss"]
[EventRounds "14"]
[EventCountry "COL"]
[SourceTitle "CBM 190 Extra"]
[Source "ChessBase"]
[SourceDate "2019.07.15"]
[SourceVersion "1"]
[SourceVersionDate "2019.07.15"]
[SourceQuality "1"]

1. Nf3 d6 2. d4 Bg4 3. g3 Bxf3 4. exf3 g6 5. Bg2 Bg7 6. 0-0 e6 7. c4 Ne7 8. d5 exd5 9. cxd5 0-0 10. Nc3 Nd7 11. f4 Nc5 12. g4 Qd7 13. Be3 Rae8 14. Rc1 a5 15. h3 f5 16. g5 Nc8 17. a3 Nb6 18. b4 axb4 19. axb4 Ne4 20. Ne2 Qb5 21. Rxc7 Nxd5 22. Qb3 Kh8 23. Nd4 Qb6 24. Rxg7 Nxe3 25. Qxe3 Qxb4 26. Rc7 Nd2 27. Re7 Ra8 28. Rxb7 1-0

[Event "Cartagena Bolivar Cup"]
[Site "Cartagena"]
[Date "2019.04.23"]
[Round "3"]
[White "Torres Cueto, Jesus Marcial"]
[Black "Uribe Arteaga, Daniel"]
[Result "0-1"]
[WhiteElo "2219"]
[BlackElo "2265"]
[PlyCount "112"]
[EventDate "2019.04.22"]
[EventType "swiss"]
[EventRounds "14"]
[EventCountry "COL"]
[SourceTitle "CBM 190 Extra"]
[Source "ChessBase"]
[SourceDate "2019.07.15"]
[SourceVersion "1"]
[SourceVersionDate "2019.07.15"]
[SourceQuality "1"]

1. d4 d6 2. e4 Nf6 3. Nc3 e5 4. dxe5 dxe5 5. Qxd8+ Kxd8 6. Bg5 Be6 7. 0-0-0+ Nbd7 8. f4 exf4 9. Nge2 Be7 10. Nxf4 Ng4 11. Bxe7+ Kxe7 12. Rd2 c6 13. Nxe6 fxe6 14. Be2 Nge5 15. h3 Rhf8 16. Rf1 Rxf1+ 17. Bxf1 Rf8 18. Bd3 g5 19. Nd1 Rf4 20. Rf2 Nc5 21. Rxf4 Ncxd3+ 22. cxd3 Nxd3+ 23. Kd2 Nxf4 24. Ne3 Kd6 25. Nc4+ Kc5 26. Na5 b6 27. Nb3+ Kd6 28. g3 Nxh3 29. Ke3 h5 30. Nd2 b5 31. b4 c5 32. bxc5+ Kxc5 33. Nb3+ Kd6 34. Nd4 a6 35. Nf3 e5 36. Ne1 a5 37. Nd3 h4 38. gxh4 gxh4 39. Kf3 Ng5+ 40. Kg4 Nxe4 41. Kxh4 Nc3 42. Nc1 a4 43. Kg4 Kd5 44. Kf3 Kd4 45. Kf2 e4 46. Kf1 e3 47. Kg2 b4 48. Kf3 e2 49. Kf2 Kc4 50. Ke1 b3 51. axb3+ axb3 52. Nxe2 Nxe2 53. Kd2 Nd4 54. Kc1 Kc3 55. Kb1 b2 56. Ka2 Kc2 0-1

[Event "Vallfogona rapid op 25th"]
[Site "Vallfogona de Balaguer"]
[Date "2017.09.17"]
[Round "8"]
[White "Panelo Munoz, Marcelo A"]
[Black "Uribe Arteaga, Daniel"]
[Result "1-0"]
[WhiteElo "2388"]
[BlackElo "2316"]
[PlyCount "69"]
[EventDate "2017.09.17"]
[EventType "swiss (rapid)"]
[EventRounds "9"]
[EventCountry "ESP"]
[SourceTitle "CBM 180 Extra"]
[Source "ChessBase"]
[SourceDate "2017.10.06"]
[SourceVersion "1"]
[SourceVersionDate "2017.10.06"]
[SourceQuality "1"]

1. d4 d6 2. Nf3 Nf6 3. c4 Nbd7 4. Nc3 e5 5. g3 Be7 6. Bg2 0-0 7. 0-0 c6 8. e4 Qc7 9. h3 Re8 10. d5 Nc5 11. Ne1 a5 12. Be3 cxd5 13. cxd5 Bd7 14. a4 Qb6 15. Nd3 Bf8 16. Nxc5 dxc5 17. Qc2 Rac8 18. Rad1 Bd6 19. f4 Qb4 20. Kh1 h5 21. f5 c4 22. Bf3 Qb3 23. Qe2 Bxa4 24. g4 h4 25. g5 Nd7 26. Ra1 Bb5 27. Qf2 Ba6 28. Bd1 Qb4 29. Ra4 Nc5 30. Rxb4 axb4 31. Bxc5 Bxc5 32. Qxh4 bxc3 33. bxc3 Rcd8 34. g6 Rd6 35. f6 1-0

[Event "Vallfogona rapid op 25th"]
[Site "Vallfogona de Balaguer"]
[Date "2017.09.17"]
[Round "3"]
[White "Uribe Arteaga, Daniel"]
[Black "Asis Gargatagli, Hipolito"]
[Result "0-1"]
[WhiteElo "2316"]
[BlackElo "2519"]
[PlyCount "58"]
[EventDate "2017.09.17"]
[EventType "swiss (rapid)"]
[EventRounds "9"]
[EventCountry "ESP"]
[SourceTitle "CBM 180 Extra"]
[Source "ChessBase"]
[SourceDate "2017.10.06"]
[SourceVersion "1"]
[SourceVersionDate "2017.10.06"]
[SourceQuality "1"]

1. Nf3 c5 2. c4 Nc6 3. g3 g6 4. Bg2 Bg7 5. 0-0 e6 6. Nc3 d6 7. a3 Nge7 8. b4 0-0 9. e3 b6 10. d4 Bb7 11. Qd2 Rc8 12. Bb2 cxb4 13. axb4 a5 14. Ne1 axb4 15. Nb5 d5 16. c5 Na5 17. Nd6 Rb8 18. Qxb4 Ba6 19. Rxa5 Nc6 20. Qa3 Nxa5 21. Bc3 Bxf1 22. Bxf1 bxc5 23. Bxa5 Qxd6 24. Nd3 Rb1 25. Nxc5 Ra8 26. Qa4 e5 27. Kg2 exd4 28. exd4 Qf6 29. Bd3 Rb2 0-1

[Event "Sant Adria de Besos 5th"]
[Site "Sant Adria de Besos"]
[Date "2017.06.22"]
[Round "8"]
[White "Uribe Arteaga, Daniel"]
[Black "Panelo Munoz, Marcelo A"]
[Result "1/2-1/2"]
[WhiteElo "2304"]
[BlackElo "2379"]
[PlyCount "27"]
[EventDate "2017.06.17"]
[EventType "tourn"]
[EventRounds "9"]
[EventCountry "ESP"]
[EventCategory "7"]
[SourceTitle "CBM 179 Extra"]
[Source "ChessBase"]
[SourceDate "2017.08.23"]
[SourceVersion "1"]
[SourceVersionDate "2017.08.23"]
[SourceQuality "1"]

1. c4 e6 2. Nf3 Nf6 3. g3 d5 4. b3 Be7 5. Bg2 0-0 6. 0-0 b6 7. Bb2 Bb7 8. e3 c5 9. Nc3 dxc4 10. bxc4 Nc6 11. Qe2 Rc8 12. Rfd1 Qc7 13. Rac1 Qb8 14. d3 1/2-1/2

[Event "Barcelona Canovelles op 11th"]
[Site "Barcelona"]
[Date "2017.05.07"]
[Round "9.4"]
[White "Herrera Reyes, Jose Antonio"]
[Black "Uribe Arteaga, Daniel"]
[Result "0-1"]
[WhiteElo "2283"]
[BlackElo "2283"]
[PlyCount "96"]
[EventDate "2017.05.07"]
[EventType "swiss (rapid)"]
[EventRounds "9"]
[EventCountry "ESP"]
[SourceTitle "EXT 2024"]
[Source "ChessBase"]
[SourceDate "2023.10.10"]
[SourceVersion "1"]
[SourceVersionDate "2023.10.10"]
[SourceQuality "1"]

1. Nf3 Nf6 2. g3 b6 3. Bg2 Bb7 4. 0-0 g6 5. c3 Bg7 6. d3 0-0 7. a4 a5 8. Na3 d6 9. Nb5 Nbd7 10. e4 e5 11. h3 Re8 12. Bg5 h6 13. Be3 d5 14. exd5 Nxd5 15. Qd2 Nxe3 16. fxe3 Nc5 17. Ne1 Nb3 18. Qf2 Bxg2 19. Nxg2 Nxa1 20. Qxf7+ Kh7 21. Nh4 Qg5 22. Qf2 Rf8 23. Nf3 Rxf3 24. Qxf3 Rf8 25. h4 Rxf3 26. hxg5 Rxf1+ 27. Kxf1 Nb3 28. Nxc7 Nc5 29. Nd5 Nxd3 30. b4 axb4 31. cxb4 Bf8 32. a5 Nxb4 33. Nxb4 bxa5 34. Nd3 a4 35. gxh6 a3 36. Nc1 Kxh6 37. Ke2 e4 38. Kd2 Kg5 39. Kc3 Kg4 40. Ne2 Kf3 41. Nf4 g5 42. Ne6 Be7 43. Nd4+ Kg4 44. Kb3 Bd6 45. Nc2 Kxg3 46. Kc4 Kf2 47. Kd5 Bf8 48. Kxe4 g4 0-1

[Event "Catalunya-chT Gp1"]
[Site "Barcelona"]
[Date "2017.02.18"]
[Round "5.3"]
[White "Ballester Llagaria, Luis Eduardo"]
[Black "Uribe Arteaga, Daniel"]
[Result "1-0"]
[WhiteElo "2292"]
[BlackElo "2294"]
[PlyCount "77"]
[EventDate "2017.01.21"]
[EventType "team-tourn"]
[EventRounds "7"]
[EventCountry "ESP"]
[SourceTitle "EXT 2018"]
[Source "ChessBase"]
[SourceDate "2017.10.13"]
[SourceVersion "1"]
[SourceVersionDate "2017.10.13"]
[SourceQuality "1"]
[WhiteTeam "Tres Peons"]
[BlackTeam "Montcada"]
[WhiteTeamCountry "ESP"]
[BlackTeamCountry "ESP"]

1. e4 c5 2. Nf3 d6 3. d4 cxd4 4. Nxd4 Nf6 5. Nc3 Nc6 6. Be3 Ng4 7. Bb5 Nxe3 8. fxe3 Bd7 9. 0-0 e6 10. Bxc6 bxc6 11. e5 d5 12. Qf3 Qe7 13. b4 g6 14. Na4 Bg7 15. Qf4 0-0 16. Nc5 Be8 17. c3 f6 18. Ndxe6 fxe5 19. Qxf8+ Bxf8 20. Rxf8+ Qxf8 21. Nxf8 Kxf8 22. Nd3 e4 23. Nc5 Ke7 24. Kf2 g5 25. Kg3 Bh5 26. Rf1 Be2 27. Rf5 a5 28. Rxg5 axb4 29. cxb4 Rxa2 30. Kf4 Bf1 31. Ke5 Rxg2 32. Rh5 Re2 33. Rxh7+ Kf8 34. Nd7+ Ke8 35. Ke6 Kd8 36. Kd6 Kc8 37. Kxc6 Rc2+ 38. Nc5 Kd8 39. b5 1-0

[Event "Barcelona Vila Gracia op 10th"]
[Site "Barcelona"]
[Date "2016.10.07"]
[Round "2.1"]
[White "Uribe Arteaga, Daniel"]
[Black "Van Keulen, Onno"]
[Result "1-0"]
[WhiteElo "2326"]
[BlackElo "1896"]
[PlyCount "47"]
[EventDate "2016.09.30"]
[EventType "swiss"]
[EventRounds "9"]
[EventCountry "ESP"]
[SourceTitle "EXT 2024"]
[Source "ChessBase"]
[SourceDate "2023.10.10"]
[SourceVersion "1"]
[SourceVersionDate "2023.10.10"]
[SourceQuality "1"]

1. d4 Nf6 2. c4 e6 3. Nc3 Bb4 4. f3 c5 5. a3 Bxc3+ 6. bxc3 d6 7. e4 Nc6 8. d5 Ne7 9. Bd3 e5 10. Ne2 Ng6 11. 0-0 0-0 12. g4 Qe7 13. Bg5 h6 14. Be3 Bd7 15. g5 hxg5 16. Bxg5 Bh3 17. Rf2 Rfb8 18. Qd2 Qf8 19. Bxf6 gxf6 20. Kh1 Kh7 21. Rg1 Qh6 22. Qxh6+ Kxh6 23. f4 exf4 24. Nxf4 1-0

[Event "Balaguer rapid op 24th"]
[Site "Balaguer"]
[Date "2016.09.18"]
[Round "6"]
[White "Barbero Sendic, Alejandro"]
[Black "Uribe Arteaga, Daniel"]
[Result "0-1"]
[WhiteElo "2336"]
[BlackElo "2326"]
[PlyCount "65"]
[EventDate "2016.09.18"]
[EventType "swiss (rapid)"]
[EventRounds "9"]
[EventCountry "ESP"]
[SourceTitle "CBM 174 Extra"]
[Source "ChessBase"]
[SourceDate "2016.10.10"]
[SourceVersion "1"]
[SourceVersionDate "2016.10.10"]
[SourceQuality "1"]

1. e4 g6 2. d4 Bg7 3. Nc3 c6 4. Nf3 d6 5. a4 Bg4 6. Be2 Bxf3 7. Bxf3 Qb6 8. Ne2 a5 9. 0-0 Nd7 10. Be3 Ngf6 11. e5 Nd5 12. Bxd5 cxd5 13. Nc3 Qc6 14. exd6 Qxd6 15. Nb5 Qc6 16. c4 Nf6 17. cxd5 Nxd5 18. Rc1 Qd7 19. Qb3 0-0 20. Rc5 e6 21. Rfc1 b6 22. Rc6 Rfc8 23. Qc2 Rd8 24. Rd6 Qe7 25. Rxd8+ Rxd8 26. Bd2 Bf6 27. h3 Bg5 28. Bxg5 Qxg5 29. Kh2 h5 30. Re1 h4 31. Qe4 Rc8 32. Re2 Rc1 33. Rc2 0-1

[Event "Balaguer rapid op 24th"]
[Site "Balaguer"]
[Date "2016.09.18"]
[Round "9"]
[White "Benet Catala, Antonio"]
[Black "Uribe Arteaga, Daniel"]
[Result "0-1"]
[WhiteElo "2165"]
[BlackElo "2326"]
[PlyCount "69"]
[EventDate "2016.09.18"]
[EventType "swiss (rapid)"]
[EventRounds "9"]
[EventCountry "ESP"]
[SourceTitle "CBM 174 Extra"]
[Source "ChessBase"]
[SourceDate "2016.10.10"]
[SourceVersion "1"]
[SourceVersionDate "2016.10.10"]
[SourceQuality "1"]

1. g3 g6 2. Bg2 Bg7 3. d3 c5 4. e4 Nc6 5. f4 d6 6. Nf3 Nf6 7. c3 0-0 8. 0-0 Rb8 9. a4 a6 10. Na3 b5 11. axb5 axb5 12. Bd2 Ba6 13. Qe2 Nd7 14. Nc2 Qb6 15. Be3 Ra8 16. Nb4 Nxb4 17. cxb4 Bb7 18. Rxa8 Rxa8 19. bxc5 dxc5 20. b4 Bc3 21. bxc5 Nxc5 22. Ne5 Qd6 23. Kh1 Bd4 24. Rb1 Bxe5 25. fxe5 Qxd3 26. Qxd3 Nxd3 27. h4 b4 28. Bd4 Ra2 29. Rb3 Ra3 30. Rb1 Bc6 31. Kh2 Ra2 32. Kh3 h5 33. g4 Nf4+ 34. Kg3 Ne2+ 35. Kh3 0-1

[Event "Balaguer rapid op 24th"]
[Site "Balaguer"]
[Date "2016.09.18"]
[Round "3"]
[White "Uribe Arteaga, Daniel"]
[Black "Movsziszian, Karen"]
[Result "0-1"]
[WhiteElo "2326"]
[BlackElo "2502"]
[PlyCount "72"]
[EventDate "2016.09.18"]
[EventType "swiss (rapid)"]
[EventRounds "9"]
[EventCountry "ESP"]
[SourceTitle "CBM 174 Extra"]
[Source "ChessBase"]
[SourceDate "2016.10.10"]
[SourceVersion "1"]
[SourceVersionDate "2016.10.10"]
[SourceQuality "1"]

1. d4 d6 2. Nf3 g6 3. Bf4 Bg7 4. e3 Nd7 5. Nbd2 e5 6. Bg3 Nh6 7. c3 Nf5 8. Bd3 Nxg3 9. hxg3 0-0 10. g4 Qe7 11. g5 exd4 12. cxd4 c5 13. Kf1 b6 14. Be4 Rb8 15. Bd5 Re8 16. Qa4 Nf8 17. Bc6 Rd8 18. Ne4 Bd7 19. Qxa7 Qe6 20. Bxd7 Nxd7 21. Nc3 b5 22. Rh4 b4 23. Ne4 c4 24. Rf4 d5 25. Nf6+ Nxf6 26. gxf6 Bxf6 27. g4 h6 28. Kg2 Qc6 29. Qa5 Re8 30. a3 c3 31. bxc3 b3 32. Rb1 Rb5 33. Qa4 Qb7 34. Rxf6 Ra8 35. Rxf7 Kxf7 36. Ne5+ Kg7 0-1

[Event "La Pobla de Lillet op 26th"]
[Site "La Pobla de Lillet"]
[Date "2016.08.09"]
[Round "8.2"]
[White "Capellades Subirana, Marc"]
[Black "Uribe Arteaga, Daniel"]
[Result "1/2-1/2"]
[WhiteElo "2148"]
[BlackElo "2301"]
[PlyCount "61"]
[EventDate "2016.08.02"]
[EventType "swiss"]
[EventRounds "9"]
[EventCountry "ESP"]
[SourceTitle "EXT 2024"]
[Source "ChessBase"]
[SourceDate "2023.10.10"]
[SourceVersion "1"]
[SourceVersionDate "2023.10.10"]
[SourceQuality "1"]

1. e4 g6 2. d4 Bg7 3. c3 d6 4. Be3 Nf6 5. f3 0-0 6. Ne2 Nbd7 7. g4 e5 8. d5 Qe7 9. c4 c6 10. Nbc3 cxd5 11. Nxd5 Nxd5 12. Qxd5 Nb6 13. Qd3 f5 14. gxf5 gxf5 15. 0-0-0 fxe4 16. fxe4 Be6 17. b3 d5 18. cxd5 Nxd5 19. Rg1 Qa3+ 20. Kb1 Nb4 21. Qd2 Bxb3 22. Nc1 Bc2+ 23. Ka1 Rad8 24. Rxg7+ Kxg7 25. Bh6+ Kh8 26. Bg7+ Kxg7 27. Qg5+ Kf7 28. Qf5+ Kg7 29. Qg5+ Kf7 30. Qf5+ Kg7 31. Qg5+ 1/2-1/2